| 000 | 00569nam a2200193Ia 4500 | ||
|---|---|---|---|
| 003 | OSt | ||
| 005 | 20250208095526.0 | ||
| 008 | 210719s1976 xx 000 0 und d | ||
| 040 | _cal | ||
| 041 | _akan | ||
| 082 | _aK894.8 ABHE | ||
| 100 |
_aABHINAVA CHATURMASIKA _dಅಭಿನವ ಚಾತುರ್ಮಾಸಿಕ _9198488 |
||
| 245 |
_aEllara mugina kate. _bಎಲ್ಲರ ಮೂಗಿನ ಕತೆ |
||
| 260 |
_aBengaluru _bAbhinava Prakashana _c1976 |
||
| 300 |
_a63 _bPB |
||
| 365 |
_b22 _cRs |
||
| 650 |
_aKannada Miscellaneous _9198489 |
||
| 942 |
_2ddc _cBK |
||
| 999 |
_c213440 _d213440 |
||